LEADER 01402nam0 2200313 450 001 000036327 005 20140404092211.0 100 $a20140320d1929----km-y0itaa50------ba 101 0 $aita 102 $aIT 200 1 $a<> progressi della granicoltura italiana$erelazione pubblicata sotto l'egida e col contributo del Ministero dell'agricoltura e delle foreste$fpresentazione di Giacomo Acerbo 210 $aRoma$c<> Colombo$d1929 215 $aXI, 551 p.$d32 cm. 300 $aIn testa al front.: CNSFPA, Sindacato nazionale fascista tecnici agricoli 606 1 $aGrano$xProduzione 676 $a338.1711$v(22. ed.)$9Agricoltura. Prodotti. Grano 702 1$aAcerbo,$bGiacomo$f<1888-1969> 710 02$aSindacato nazionale fascista tecnici agricoli$0271676 712 01$aItalia$bMinistero dell'agricoltura e delle foreste 801 0$aIT$bUniversità della Basilicata - B.I.A.$gREICAT$2unimarc 912 $a000036327 996 $aProgressi della granicoltura italiana$9101542 997 $aUNIBAS CAT $aSTD097$b01$c20140320$lBAS01$h1114 CAT $aSTD097$b01$c20140320$lBAS01$h1116 CAT $aSTD097$b01$c20140320$lBAS01$h1117 CAT $aTTM$b30$c20140404$lBAS01$h0922 FMT Z30 -1$lBAS01$LBAS01$mBOOK$1BASA2$APolo Tecnico-Scientifico$2FVIG$BFondo Viggiani$3FVig/41459$641459$5T41459$7Collocato presso la Scuola di Agraria$820140320$f35$FStanza riservata LEADER 00824cam0 2200241 450 001 E600200008154 005 20201015080703.0 100 $a20041201d1996 |||||ita|0103 ba 101 $aita 102 $aIT 200 1 $aCapri Ischia e Procida$ememorie e immagini di tre secoli$e(disegni acquarelli e stampe di vedute e costumi)$fLucio Fino 210 $aNapoli$cGrimaldi & C.$d1996 215 $a245 p.$cill.$d36 cm 700 1$aFino$b, Lucio$3AF00010083$4070$035790 801 0$aIT$bUNISOB$c20201015$gRICA 850 $aUNISOB 852 $aUNISOB$j700$m90777 912 $aE600200008154 940 $aM 102 Monografia moderna SBN 941 $aM 957 $a700$b004431$gSI$d90777$racquisto$1vasca$2UNISOB$3UNISOB$420041201114227.0$520191107145122.0$6Spinosa 996 $aCapri Ischia e Procida$9804578 997 $aUNISOB